000 02278cam a22004694i 4500
003 PE-LiUPU
005 20250731172823.0
008 150617s1977 ag a r 000 0 spa d
020 _a0311420370
035 _a(Sirsi) i9780311420377
040 _aPE-LiUPU
_bspa
_cPE-LiUPU
_erda
049 _aPRUA
082 0 4 _a251
_bL56
_221
100 1 _aLerín, Alfredo,
_eautor.
245 1 0 _a500 ilustraciones /
_cAlfredo Lerín.
246 3 _aQuinientas ilustraciones
264 1 _aBuenos Aires :
_bCasa Bautista de Publicaciones,
_c1977.
300 _a324 páginas ;
_c19 centímetros
336 _atext
_2rdacontent
337 _aunmediated
_2rdamedia
338 _avolume
_2rdacarrier
505 0 _aAdulación -- Advertencia -- Agradecimiento -- Alabanza -- Alcohol -- Aliento -- Amistad -- Amonestación -- Amor -- Anhelos -- Anuncio -- Arrepentimiento -- Ateísmo -- Avaricia -- Aves-- Avivamiento -- Ayuda -- Bautismo -- Bendiciones -- Biblia -- Blasfemia -- Burla -- Búsqueda -- Campaña -- Cánticos -- Carácter -- Caridad -- Castigo -- Caudillos -- Cautividad -- Cena del Señor -- Compañía -- Compañerísmo -- Compensación -- Conceptos -- Confesión -- Confianza -- Consecuencia -- Consejo -- Conversión -- Convicción -- Cooperación -- Cristianísmo -- Crítica -- Cruz -- Culto -- Curación -- Deber -- Decisión -- Defraudación -- Desaliento -- Desastre -- Descubrimiento -- Deseos -- Designios -- Desobediencia -- Diezmos -- Dificultades -- Dios -- Discresión -- Disimulo.
526 _aSEG42
526 _aSEG41
526 _aSEG40
526 _aSEG39
526 _aP94
526 _aP87
526 _aP86
526 _aP85
526 _aP77
526 _aP76
526 _aP35
650 0 4 _aIlustraciones biblicas.
910 _ajck
_bjvq
_cjck
_d20150616
942 _2ddc
_cBOOK
949 _a251 L56
_wDEWEY
_c1
_i17948
_d2016-10-30
_e2016-10-28
_lCCODEBUL1
_mBUL
_n4
_r0
_sY
_tBOOK
_u2015-6-17
_xTEOLOGIA
_PP35
_0COMPRA
_o.STAFF. Colección General
994 _aC0
_bPEPRU
596 _a1
999 _a251 L56
_wDEWEY
_c5547
_i17948
_d5547
_e2018-1-24
_f2021-11-12
_g5
_lCCODEBUL1
_mBUL
_n5
_p28.86
_q2
_r0
_sY
_tBOOK
_u2015-6-17
_xTEOLOGIA
_PP35
_0COMPRA
_o.STAFF. Colección Teología
980 _81
_gALBERTO SANCHEZ Responsable de Automatización